| 000 | 00355nam a22001337a 4500 | ||
|---|---|---|---|
| 008 | 140126b xxu||||| |||| 00| 0 eng d | ||
| 082 |
_222 ed. _a343.07 _bMAL |
||
| 100 | _aP.L.MALIK'S. | ||
| 245 |
_aINDUSTRIAL LAW _cMALIK'S,P.L. |
||
| 250 | _a24 ED. | ||
| 260 |
_aINDIA _bEASTERN BOOK COMPANY. _c2013. |
||
| 300 |
_alxxxviii,3512 p. _c24cm. |
||
| 942 |
_2ddc _cBK |
||
| 999 |
_c5844 _d5844 |
||